01147nam a2200277 i 4500001001000000003000900010005001700019007000300036008004100039040003000080041000800110082001700118110003300135240001800168245014100186264005200327300002800379336002700407337003300434338002800467500007300495590002600568942001400594952024400608999001700852000038782DO-SdBNP20260422135656.0ta130422s2000 dr 000 0 spa d aDO-SdBNPbspacBNPHUerda aspa 4axxxbxxx2221 aRepública Dominicana.944710a[Leyes, etc.]10aCódigo penal de la República Dominicana incluye las modificaciones de la ley no. 24-97 del 28 de enero de 1997 G. O. 9945 y 36-2000. 1aSanto Domingo :beditor no identificado,c2000. a175 páginas ;c21 cm. atextobtxt2rdacontent asin mediaciónbn2rdamedia avolumen2rdacarrierbnc aIncluye referencias bibliográficas y notas al pie de las páginas aInventariado, 2024/BT 2ddccLBS1 00102ddc51708PDaBNPHUbBNPHUcCTd2013-04-22eDonado por la Presidencia de la República Dominicanal0o BNPHU PD p38782-10r2020-06-25w2020-06-25yLBS1zPerteneció a la biblioteca personal de Emilio Cordero Michel.ZNo se presta c38272d38272